000 01052nam0a22002891 4500
001 rc\3746099
005 20260408075812.0
021 _aRU
_b74-42521
021 _aRU
_bРг6599-74
035 _a(NLR Aleph) 007787562
090 _a7633496
_c7633496
100 _a20130115d1974 |||y0rusy50 ca
101 0 _arus
102 _aRU
105 _ay z |||||
200 1 _aНовые противоопухолевые препараты
_fЗдравоохранение-74. Москва, 28 мая - 10 июня 1974 г.
210 _a[Москва
_cБ. и.
_d1974]
215 _a16 с.
_d20
300 _aПеред загл. авт.: проф. Т.С. Сафонова
320 _aБиблиогр.: с. 16
700 1 _aСафонова
_bТ.С.
_gТамара Семеновна
712 1 2 _a"Здравоохранение-74", международная выставка
_f1974
_eМосква
_3RU\NLR\AUTH\8810219513
_9324389
801 0 _aRU
_bNLR
_gpsbo
801 1 _aRU
_bELAR
_2rusmarc
852 _aNLR
_j74-4/6423
942 _cBOOK
980 _aNB